000 00301nam a2200121Ia 4500
008 190216s9999||||xx |||||||||||||| ||und||
100 _a"David A.Aaker,V.Kumar,George S. Day"
245 0 _aMarketing Research 9thedn
260 _bWiley India
_c2009
300 _a775
650 _aMarketing
942 _cBK
999 _c7896
_d7896